Darwin's legacy : the status of evolutionary archaeology in Argentina /
This text collects the contributions to the symposium 'The Current State of Evolutionary Archeology in Argentina' that was held in Buenos Aires, for celebrating the 200th anniversary of Charles Darwin's birth and the 150th anniversary of the publication of 'On the Origin of Speci...
مؤلف مشترك:
مؤلفون آخرون: ,
التنسيق: وقائع المؤتمر كتاب الكتروني
اللغة: English
منشور في:
Oxford :
Archaeopress Publishing Ltd,
[2016]
سلاسل:
South American archaeology series ;
no. 24.
Access archaeology.
الموضوعات:
الوصول للمادة أونلاين: Login to view Source
الوسوم: إضافة وسم
رقم الطلب: QH361
| LEADER | 02181nam a2200469 i 4500 | ||
|---|---|---|---|
| 001 | EDZ0001355900 | ||
| 003 | StDuBDS | ||
| 005 | 20230412181704.0 | ||
| 006 | m|||||o||d|||||||| | ||
| 007 | cr ||||||||||| | ||
| 008 | 160315t20162016enka f b 100|0|eng|d | ||
| 020 | |a 9781784912703 (PDF ebook) : |c No price | ||
| 040 | |a StDuBDS |b eng |c StDuBDS |e rda |e pn | ||
| 050 | 4 | |a QH361 | |
| 082 | 0 | 4 | |a 576.820982 |2 23 |
| 111 | 2 | |a Current State of Evolutionary Archeology in Argentina (Conference) |c (Buenos, Aires), |j creator. | |
| 245 | 1 | 0 | |a Darwin's legacy : |b the status of evolutionary archaeology in Argentina / |c edited by Marcelo Cardillo & Hernán Muscio. |
| 264 | 1 | |a Oxford : |b Archaeopress Publishing Ltd, |c [2016] | |
| 264 | 4 | |c ©2016 | |
| 300 | |a 1 online resource : |b illustrations (black and white). | ||
| 336 | |a text |2 rdacontent | ||
| 336 | |a still image |2 rdacontent | ||
| 337 | |a computer |2 rdamedia | ||
| 338 | |a online resource |2 rdacarrier | ||
| 490 | 1 | |a South American archaeology series ; |v no. 24 | |
| 490 | 1 | |a Access archaeology | |
| 504 | |a Includes bibliographical references. | ||
| 520 | 8 | |a This text collects the contributions to the symposium 'The Current State of Evolutionary Archeology in Argentina' that was held in Buenos Aires, for celebrating the 200th anniversary of Charles Darwin's birth and the 150th anniversary of the publication of 'On the Origin of Species'. | |
| 521 | |a Specialized. | ||
| 588 | |a Description based on online resource; title from home page (viewed on March 15, 2016). | ||
| 650 | 0 | |a Excavations (Archaeology) |z Argentina |v Congresses. | |
| 650 | 0 | |a Evolution (Biology) |z Argentina |v Congresses. | |
| 651 | 0 | |a Argentina |x Antiquities |v Congresses. | |
| 700 | 1 | |a Cardillo, Marcelo, |e editor. | |
| 700 | 1 | |a Muscio, Hernán Juan, |e editor. | |
| 776 | 0 | 8 | |i Print version : |z 9781784912765 |
| 830 | 0 | |a South American archaeology series ; |v no. 24. | |
| 830 | 0 | |a Access archaeology. | |
| 856 | 4 | 0 | |3 Archaeopress |u http://library.arce.org:8087/Archaeopress/Products/9781784912765 |
| 942 | |2 lcc |c EBOOK | ||
| 952 | |0 0 |1 0 |4 0 |6 QH0361 |7 1 |9 46126 |a ARCH |b ARCH |d 2023-04-12 |l 0 |o QH361 |r 2023-04-12 00:00:00 |w 2023-04-12 |y EBOOK | ||
| 999 | |c 51784 |d 51784 | ||
